Najdroższy piłkarz z kazdego kraju świata - Statystyki

Ogólne statystyki
  • Ten quiz został rozwiązany 24 razy
  • Średni wynik to 35 z 160
Statystyki odpowiedzi
Kraj Piłkarz Klub Wartość % Poprawnych
Norwegia Erling Haaland Manchester City 200 mln.€
91%
Anglia Jude Bellingham Real Madryt 160 mln.€
86%
Hiszpania Lamine Yamal FC Barcelona 200 mln.€
82%
Polska Jakub Kiwior FC Porto 27 mln.€
77%
Meksyk Edson Alvarez Fenerbahce 22 mln.€
73%
Andora Iker Alvarez Córdoba FC 800 tys.€
73%
Argentyna Julian Alvarez Atletico Madryt 100 mln.€
73%
Francja Kylian Mbappe Real Madryt 200 mln.€
73%
Niemcy Jamal Musiala Bayern Monachium 130 mln.€
68%
Belgia Jeremy Doku Manchester City 65 mln.€
68%
Kolumbia Luis Diaz Bayern Monachium 70 mln.€
68%
Kanada Alphonso Davies Bayern Moanchium 50 mln.€
64%
Chorwacja Josko Gvardiol Manchester City 70 mln.€
64%
Nigeria Victor Osimhen Galatasaray 75 mln.€
64%
Portugalia Vitinha FC Paris Saint-Germain 110 mln.€
64%
Maroko Achraf Hakimi FC Paris Saint-Germain 80 mln.€
59%
Szwecja Alexander Isak Liverpool FC 120 mln.€
59%
Turcja Arda Guler Real Madryt 90 mln.€
59%
Węgry Dominik Szoboszlai Liverpool 85 mln.€
59%
Urugwaj Federico Valverde Real Madryt 120 mln.€
59%
Egipt Omar Marmoush Manchester City 65 mln.€
59%
Czechy Patrik Schick Bayer 04 Leverkusen 25 mln.€
59%
Holandia Ryan Gravenberch Liverpool FC 90 mln.€
59%
Japonia Takefusa Kubo Real Sociedad 30 mln.€
59%
Kamerun Bryan Mbeumo Manchester United 75 mln.€
55%
Macedonia Północna Eljif Elmas SSC Napoli 14 mln.€
55%
Austria Konrad Laimer Bayern Monachium 32 mln.€
55%
Jamajka Leon Bailey Aston Villa 18 mln.€
55%
Korea Południowa Min-jae Kim Bayern Monachium 25 mln.€
55%
Szkocja Scott McTominay SSC Napoli 45 mln.€
55%
Gwinea Serhou Guirassy Borussia Dortmund 40 mln.€
55%
Korea Północna Yu-song Kim Amnokgang SC 450 tys.€
55%
Wybrzeże Kości Słoniowej Amad Diallo Manchester United 50 mln.€
50%
Słowenia Benjamin Sesko Manchester United 60 mln.€
50%
Stany Zjednoczone Christian Pulisic AC Milan 60 mln.€
50%
Ekwador Moises Caicedo Chelsea 110 mln.€
50%
Grecja Vangelis Pavlidis Benfica Lizbona 35 mln.€
50%
Uzbekistan Abdukodir Khusanov Manchester City 35 mln.€
45%
Burkina Faso Edmond Tapsoba Bayer 04 Leverkusen 35 mln.€
45%
Honduras Luis Palma Lech Poznań 3,5 mln.€
45%
Włochy Alessandro Bastoni Inter Mediolan 80 mln.€
41%
Słowacja David Hancko Atletico Madryt 30 mln.€
41%
Szwjcaria Gregor Kobel Borussia Dortmund 40 mln.€
41%
Ukraina Ilya Zabarnyi FC Paris Saint-Germain 50 mln.€
41%
Dania Morten Hjulmand Sporting CP 50 mln.€
41%
Rumunia Radu Dragusin Tottenham Hotspur 22 mln.€
41%
Nowa Zelandia Chris Wood Nottingham Forest 8 mln.€
36%
Irlandia Północna Conor Bradley Liverpool 30 mln.€
36%
Gruzja Khvicha Kvaratskhelia FC Paris Saint-Germain 90 mln.€
36%
Senegal Nickolas Jackson Bayern Monachium 45 mln.€
36%
Katar Akram Afif Al-Sadd SC 8 mln.€
32%
Ghana Antoine Semenyo Manchester City 65 mln.€
32%
Serbia Mile Svilar AS Roma 35 mln.€
32%
Algieria Rayan Ait-Nouri Manchester City 40 mln.€
32%
Bośnia i Hercegowina Ermedin Demirovic VfB Stuttgart 22 mln.€
27%
Cypr Stelious Andreou Widzew Łódź 3 mln.€
27%
Demokratyczna Republika Konga Yoane Wissa Newcastle United 35 mln.€
27%
Wyspy Owcze Andrias Edmundsson Hellas Verona 800 tys.€
23%
Madagaskar Andy Pelmard Jagiellonia Białystok 2 mln.€
23%
Republika Środkowoafrykańska Geoffrey Kondogbia Olympique Marsylia 5 mln.€
23%
Litwa Gvidas Gineitis Torino 5,5 mln.€
23%
Estonia Karl Hein Werder Bremen 3 mln.€
23%
Czarnogóra Nikola Krstović Atalanta 20 mln€
23%
Walia Brennan Johnson Crystal Palace 35 mln.€
18%
Indonezja Jay Idzes Sassuolo 10 mln.€
18%
Kosowo Fisnik Asllani TSG 1899 Hoffenheim 30 mln.€
14%
Albania Kristjan Asllani Besiktas 13 mln.€
14%
Luksemburg Leandro Barreiro Benfica Lizbona 15 mln.€
14%
Irlandia Nathan Collins Brentford 35 mln.€
14%
Izrael Oscar Gloukh Ajax Amsterdam 18 mln.€
14%
Gambia Yankuba Minteh Brighton & Hove Albion 40 mln.€
14%
Gabon Denis Bouanga Los Angeles FC 8 mln.€
9%
Paragwaj Diego Gomez Brighton & Hove Albion 25 mln.€
9%
Islandia Hakon Haraldsson LOSC Lille 22 mln.€
9%
Bułgaria Ilia Gruev Leeds United 9 mln.€
9%
Republika Zielonego Przylądka Logan Costa Villareal 18 mln.€
9%
Republika Południowej Afryki Lyle Foster Burnley 10 mln.€
9%
Zimbabwe Marshall Munetsi Paris FC 12 mln.€
9%
Libia Moatasem Al-Musrati Hellas Verona 7 mln.€
9%
Mołdawia Oleg Reabciuk Spartak Moskwa 3 mln.€
9%
Gwinea Równikowa Saul Coco Torino 9 mln.€
9%
Gibraltar Tjay De Barr Lincoln Red Imps FC 200 tys.€
9%
Gwatemala Aaron Herrera DC United 1,8 mln.€
5%
Pakistan Abdullah Iqbal Mjallby AIF 2 mln.€
5%
Panama Amir Murillo Besiktas 10 mln.€
5%
Nikaragua Ariagner Smith FK Panevezys 400 tys.€
5%
Mali Dorgeles Nene Fenerbahce 18 mln.€
5%
Gwinea-Bissau Franculino Midtjylland 22 mln.€
5%
Mozambik Geny Catamo Sporting CP 15 mln.€
5%
Bangladesz Hamza Choudhury Leicester City 5 mln.€
5%
Tunezja Hannibal Burnley 14 mln.€
5%
Surinam Joel Piroe Leeds United 15 mln.€
5%
Finlandia Kaan Kairinen Sparta Praga 6 mln.€
5%
Jordania Mousa Tamari Stade Rennais FC 6 mln.€
5%
Dominikana Pablo Rosario FC Porto 8 mln.€
5%
Iran Sardar Azmoun Shabab Al-Ahli Dubay 7 mln.€
5%
Grenada Shandon Baptiste Luton Town 1,6 mln.€
5%
Barbados Thierry Gale Bolton Wanderers 600 tys.€
5%
Irak Zidane Iqbal FC Utrecht 3 mln.€
5%
Mauretania Aboubakary Koita AEK Ateny 4,5 mln.€
0%
Rosja Aleksey Batrakov Lokomotiv Moskwa 25 mln.€
0%
Australia Alessandro Circati Parma 8 mln.€
0%
Salwador Alex Roldan Seattle Sounders FC 3,5 mln.€
0%
Bahrajn Ali Madan Riffa SC 1,8 mln.€
0%
Benin Andreas Hountondji FC St. Pauli 5 mln.€
0%
Kongo Antoine Makoumbou Samsunspor 4 mln.€
0%
Uganda Baba Alhassan FC Statua Bukareszt 900 tys.€
0%
Somalia Bilal Njie KFUM-Kameratene Oslo 250 tys.€
0%
Łotwa Cebrail Makreckis Ferencvaros 1 mln.€
0%
Bhutan Chencho Gyeltshen Thimphu City FC 150 tys.€
0%
Sri Lanka Claudio Kammerknecht Dynamo Drezno 400 tys.€
0%
Chile Dario Osorio Midtjylland 10 mln.€
0%
Kazachstan Dastan Satpaev Kajrat Ałmaty 3 mln.€
0%
Angola David Carmo Real Oviedo 10 mln.€
0%
San Marino Edoardo Colombo Gzira United FC 200 tys.€
0%
Armenia Eduard Spertsyan FK Krasnodar 25 mln.€
0%
Zjednoczone Emiraty Arabskie Fabio Lima Al-Wasl SC 6 mln.€
0%
Afganistan Fareed Sadat Bhayangkara FC 200 tys.€
0%
Arabia Saudyjska Firas Al-Buraikan Al-Ahli 4 mln.€
0%
Rwanda Hakim Sahabo Standard de Liege 16 FC 1,5 mln.€
0%
Singapur Harhys Stewart Uthai Thani FC 300 tys.€
0%
Liban Husseyn Chakroun Hannover 96 1,8 mln.€
0%
Malta Ilyas Chouaref FC Sion 3 mln.€
0%
Malezja Imanol Machuca CA Velez Sarsfield 1,5 mln.€
0%
Gujana Isaiah Jones Luton Town 3 mln.€
0%
Haiti Jean-Ricner Bellegarde Wolverhampton 16 mln.€
0%
Kirgistan Joel Kojo Esteghlal FC 600 tys.€
0%
Wenezuela Jon Ambalulu Real Sociedad 15 mln.€
0%
Sierra Leone Juma Bah Nice 7 mln.€
0%
Eswatini Justice Figuareido Chppa United 400 tys.€
0%
Togo Kevin Denkey FC Cincinnati 14 mln.€
0%
Liechtenstein Lars Traber SC Bruhl SG 200 tys.€
0%
Trynidad i Tobago Levi Garcia Spartak Moskwa 10 mln.€
0%
Antigua i Barbuda Luther James-Wildin Stevenage 400 tys.€
0%
Kostaryka Manfred Ugalde Spartak Moskwa 14 mln.€
0%
Czad Marius Mouandilmadji Samsunspor 4,5 mln.€
0%
Kenia Michael Olunga Al-Arabi SC 6 mln.€
0%
Boliwia Miguelito Santos FC 3 mln.€
0%
Sudan Mo Eisa Uthai Thani FC 300 tys.€
0%
Oman Muhsen Al-Ghassani True Bangkok United 900 tys.€
0%
Azerbejdżan Nariman Akhundzada Columbus Crew 2,5 mln.€
0%
Jemen Nasser Mohammedoh Zakho SC 400 tys.€
0%
Tanzania Novatus Miroshi Goztepe 2 mln.€
0%
Peru Oliver Sonne Burnley 4 mln.€
0%
Syria Omar Khribin Al-Wahda FC 4,5 mln.€
0%
Liberia Oscar Slavia Praga 8 mln.€
0%
Kambodża Privat Mbarga Bhayangkara Presisi Lampung FC 250 tys.€
0%
Wietnam Rafaelson Thep Xanh Nam Dinh FC 600 tys.€
0%
Filipiny Raphael Obermair SC Paderborn 07 1,5 mln.€
0%
Indie Ryan Williams Bengaluru FC 300 tys.€
0%
Fidżi Satareki Hughes Bula FC 150 tys. €
0%
Tajlandia Suphanat Mueanta Buriram United 1 mln.€
0%
Curacao Tahith Chong Sheffield United 4,5 mln.€
0%
Turkmenistan Teymur Cheryyev Bars Karakol 250 tys.€
0%
Botswana Thatayaone Ditlhokwe Al-Ittihad SC 850 tys.€
0%
Białoruś Valeriy Gromyko Kajrat Ałmaty 1,5 mln.€
0%
Etiopia Yared Baye Sidama Bunna FC 250 tys.€
0%
Burundi Youssouf Ndayishimiye Nice 8 mln.€
0%
Chiny Yudong Wang Zhejiang FC 1,5 mln.€
0%
Komory Zaydou Youssouf Al-Fateh SC 5,5 mln.€
0%
Nie znaleziono quizów pasujących do podanych kryteriów
Rozkład punktacji
Procent ludzi z każdym wynikiem
Percentyl według liczby udzielonych odpowiedzi
Twoja historia wyników
Nie rozwiązałeś tego quizu